000 00636nam a22002297a 4500
001 27699
003 BD-RjUL
005 20211209051206.0
008 140327s1912 uk ||||| |||| 001 0 eng d
035 _a(BD-RjUL)27778
040 _aBD-RjUL
_beng
_cBD-RjUL
041 _aeng
082 _a822.33
_bSHA 1912
100 _aShakespeare ,William
_985039
245 _aShakespeare Cymbeline /
_cedited by A.R. Weekes.
260 _aLondon :
_bW.B. Clive,
_c1919
300 _a176 p. :
_bill. ;
_c 18 cm.
490 _aTutorial Shakespeare.
650 _aEnglish literature.
_985040
700 _aWeekes ,A R
_985041
942 _2ddc
_cBK
999 _c27699
_d27699